Feministická zahraničná politika diplomová práca

Gespeichert in:
Bibliographische Detailangaben
1. Verfasser: Gocmanová, Marcela, 1997-
Körperschaft: Fakulta medzinárodných vzťahov EU. Katedra medzinárodných politických vzťahov
Weitere Verfasser: Zubro, Tetyana, 1975-
Format: Buch
Sprache:Slowakisch
Veröffentlicht: Bratislava 2022
Tags: Tag hinzufügen
Keine Tags, Fügen Sie das erste Tag hinzu!

MARC

LEADER 00000nbm a2200000 4500
001 0285146
005 20230424083632.8
041 0 |a slo 
044 |a SK 
245 1 0 |a Feministická zahraničná politika  |b diplomová práca  |c Marcela Gocmanová ; školiteľ: Tetyana Zubro 
264 1 |a Bratislava  |c 2022 
300 |a 88 s. 
100 1 |a Gocmanová, Marcela, 1997- 
700 1 |a Zubro, Tetyana, 1975- 
710 2 |a Fakulta medzinárodných vzťahov EU. Katedra medzinárodných politických vzťahov